000 00635nam a2200217 i 4500
001 15008
003 ES-MaACL
005 20231222205013.0
007 t|
008 991129s1996 dk ||||1| dan d
020 _a87-00-21172-0
080 _a087.5:82
100 1 _aMartín Gaite, Carmen,
_d1925-2000
_977496
245 1 0 _aRodhaette pa Manhattan /
_cCarmen Martín Gaite ; oversat af Iben Hasselbalch.
246 3 _aCaperucita en Manhattan
260 _aHaslev :
_bGyldendal,
_c1996.
300 _a172 p. ;
_c22 cm.
700 1 _aHasselbalch, Iben.
_962052
852 4 _aES-MaACL
_jL-22169
999 _c15008
_d15008